01074nam a22002777a 4500999001700000003000900017005001700026008004100043020001500084040004300099082002800142100006600170245002200236264008900258300003000347336002600377337003500403338002900438490004800467590001700515650008800532653002400620655001700644942001200661952012300673 c13912d13912EG-ScBUE20200118103816.0100419s1998 ua f 000 0 ara d a9770155950 aEG-ScBUEbaraerdacEG-ScBUEdEG-ScBUE04a892.746bأ ب ا2221 aأباظه، ثروت،‏d1927-2002،eمؤلف.91359812aالمقالات. 1a[القاهرة] :bالهيئة المصرية العامة للكتاب،c1998. a779 صفحة ؛c20 سم. 2rdacontentaنصbtxt 2rdamediaaبدون وسيطbn 2rdacarrieraمجلدbnc0 aمؤلفات ثروت أباظة ؛v11 aamira yasser 7aالمقالات العربيةxتاريخyالعصر الحديث.2BUEsh913608 bARALITcJanuary2020 vReading book 2ddccBB 00102ddc40708BaccahaMAINbMAINc2NDd2010-04-19ePurchaseo892.746 أ ب اp000020453r2025-07-15 00:00:00yBB